Normal view
MARC view
Entry Topical Term
001 - CONTROL NUMBER
- control field: 245590
003 - CONTROL NUMBER IDENTIFIER
- control field: OSt
005 - DATE AND TIME OF LATEST TRANSACTION
- control field: 20251114152716.0
008 - FIXED-LENGTH DATA ELEMENTS
- fixed length control field: 251114|| aca||aabn | a|a d
040 ## - CATALOGING SOURCE
- Original cataloging agency: OSt
- Transcribing agency: OSt
150 ## - HEADING--TOPICAL TERM
- Topical term or geographic name entry element: jana
670 ## - SOURCE DATA FOUND
- Source citation: Work cat.: (OSt)123353: CHANDRAKALA NANDAVARA ಚಂದ್ರಕಲಾ ನಂದಾವರ 245587, Nannuru nanna jana, 2019